<?xml version="1.0" encoding="UTF-8"?>
<record
    xmlns:xsi="http://www.w3.org/2001/XMLSchema-instance"
    xsi:schemaLocation="http://www.loc.gov/MARC21/slim http://www.loc.gov/standards/marcxml/schema/MARC21slim.xsd"
    xmlns="http://www.loc.gov/MARC21/slim">

  <leader>00914nam a2200289Ia 4500</leader>
  <controlfield tag="003">OSt</controlfield>
  <controlfield tag="005">20250620092241.0</controlfield>
  <controlfield tag="008">210210b1987   xxu||||| |||| 00| 0 eng d</controlfield>
  <datafield tag="040" ind1=" " ind2=" ">
    <subfield code="c">AL</subfield>
  </datafield>
  <datafield tag="041" ind1=" " ind2=" ">
    <subfield code="a">Kannada</subfield>
  </datafield>
  <datafield tag="082" ind1=" " ind2=" ">
    <subfield code="a">K894.109 BARR</subfield>
  </datafield>
  <datafield tag="100" ind1=" " ind2=" ">
    <subfield code="a">BARNI (S M H)</subfield>
    <subfield code="d">&#xCAC;&#xCBE;&#xCB0;&#xCCD;&#xCA8;&#xCBF; (&#xC8E;&#xCB8;&#xCCD; &#xC8E;&#xCAE;&#xCCD; &#xCB9;&#xCC6;&#xC9A;&#xCCD;) </subfield>
    <subfield code="9">215507</subfield>
  </datafield>
  <datafield tag="245" ind1=" " ind2=" ">
    <subfield code="a">Rashtrapremi kavi Iqbal</subfield>
    <subfield code="b">&#xCB0;&#xCBE;&#xCB7;&#xCCD;&#xC9F;&#xCCD;&#xCB0;&#xCAA;&#xCCD;&#xCB0;&#xCC7;&#xCAE;&#xCBF; &#xC95;&#xCB5;&#xCBF; &#xC87;&#xC95;&#xCCD;&#xCAC;&#xCBE;&#xCB2;&#xCCD;</subfield>
  </datafield>
  <datafield tag="260" ind1=" " ind2=" ">
    <subfield code="a">Bengaluru</subfield>
    <subfield code="b">Karnataka Sahitya Akademi</subfield>
    <subfield code="c">1987</subfield>
  </datafield>
  <datafield tag="300" ind1=" " ind2=" ">
    <subfield code="a">xxviii,144</subfield>
  </datafield>
  <datafield tag="650" ind1=" " ind2=" ">
    <subfield code="a">tr</subfield>
    <subfield code="9">215508</subfield>
  </datafield>
  <datafield tag="650" ind1=" " ind2=" ">
    <subfield code="a">Rashtrapremi</subfield>
    <subfield code="9">215509</subfield>
  </datafield>
  <datafield tag="650" ind1=" " ind2=" ">
    <subfield code="a">Ko</subfield>
    <subfield code="9">215510</subfield>
  </datafield>
  <datafield tag="650" ind1=" " ind2=" ">
    <subfield code="a">kavi</subfield>
    <subfield code="9">215511</subfield>
  </datafield>
  <datafield tag="650" ind1=" " ind2=" ">
    <subfield code="a">Ikbal.</subfield>
    <subfield code="9">215512</subfield>
  </datafield>
  <datafield tag="650" ind1=" " ind2=" ">
    <subfield code="a">Chennabasappa.</subfield>
    <subfield code="9">215513</subfield>
  </datafield>
  <datafield tag="650" ind1=" " ind2=" ">
    <subfield code="a">by</subfield>
    <subfield code="9">215514</subfield>
  </datafield>
  <datafield tag="690" ind1=" " ind2=" ">
    <subfield code="a">Kannada Poetry Criticism</subfield>
    <subfield code="9">215515</subfield>
  </datafield>
  <datafield tag="700" ind1=" " ind2=" ">
    <subfield code="a">Ko Chennabasappa.</subfield>
    <subfield code="d">&#xC95;&#xCCB;. &#xC9A;&#xCC6;&#xCA8;&#xCCD;&#xCA8;&#xCAC;&#xCB8;&#xCAA;&#xCCD;&#xCAA; </subfield>
    <subfield code="9">215516</subfield>
  </datafield>
  <datafield tag="906" ind1=" " ind2=" ">
    <subfield code="a">041964</subfield>
  </datafield>
  <datafield tag="942" ind1=" " ind2=" ">
    <subfield code="2">ddc</subfield>
    <subfield code="c">BK</subfield>
  </datafield>
  <datafield tag="999" ind1=" " ind2=" ">
    <subfield code="c">91642</subfield>
    <subfield code="d">91642</subfield>
  </datafield>
  <datafield tag="952" ind1=" " ind2=" ">
    <subfield code="0">0</subfield>
    <subfield code="1">0</subfield>
    <subfield code="2">ddc</subfield>
    <subfield code="4">0</subfield>
    <subfield code="7">0</subfield>
    <subfield code="8">KAN</subfield>
    <subfield code="a">AL</subfield>
    <subfield code="b">AL</subfield>
    <subfield code="c">Kannada Literature</subfield>
    <subfield code="d">2021-02-17</subfield>
    <subfield code="g">5.00</subfield>
    <subfield code="l">0</subfield>
    <subfield code="o">K894.109 BARR</subfield>
    <subfield code="p">041964</subfield>
    <subfield code="r">2021-02-17 00:00:00</subfield>
    <subfield code="w">2021-02-17</subfield>
    <subfield code="y">BK</subfield>
  </datafield>
</record>
